000 00476cam a2200181ua 4500
020 _c1.75
041 _amal
_h
082 _a894.8122
_bKUM/MO
100 _aKumarapillai, Kainikkara .
245 _aMohavum Mukthiyum /
_cKainikkara Kumarapillai.
_hTextual Documents
260 _aKottayam :
_bSahitya Pravarthaka Co-operative Society ,
_c1957.
300 _a156 ; .
365 _a1.75
504 _a
942 _cBK
999 _c1078
_d1078